[Event "Liga Madrileña - DH 2017-2018"]
[Site "Madrid ESP"]
[Date "2018.03.10"]
[Round "13.33"]
[White "Vega Gomez, Francisco Borja"]
[Black "Alarcia Astiz, Carlos"]
[Result "1/2-1/2"]
[WhiteElo "2265"]
[BlackElo "2274"]
[PlyCount "215"]
[EventDate "2017.11.19"]
[EventType "team-tourn"]
[EventRounds "14"]
[EventCountry "ESP"]
[SourceTitle "Ajedrez en Madrid"]
[Source "lmi"]
[SourceDate "2017.11.19"]
[WhiteTeam "64 Villalba"]
[BlackTeam "Blanco y Negro"]
[WhiteTeamCountry "ESP"]
[BlackTeamCountry "ESP"]

1. Nf3 Nf6 2. d4 e6 3. e3 c5 4. Bd3 cxd4 5. exd4 b6 6. O-O Bb7 7. Nbd2 Be7 8.
Re1 O-O 9. Nf1 Nc6 10. Ng3 Qc7 11. c3 a6 12. Bd2 Rfe8 13. Qe2 b5 14. Rad1 Rac8
15. Bb1 Na5 16. Ne5 Nc4 17. Bc1 d6 18. Ng4 Qc6 19. Nxf6+ Bxf6 20. Be4 Qd7 21.
Nh5 Be7 22. Qg4 g6 23. Bd3 Nb6 24. Bh6 Nd5 25. h4 Rcd8 26. Qg3 Kh8 27. Re2 Rg8
28. Nf4 Bf6 29. Rde1 Rde8 30. Nxd5 Bxd5 31. Qf4 Qe7 32. Bg5 Kg7 33. Re3 h5 34.
Bxf6+ Qxf6 35. Qxd6 Qxh4 36. Be4 Bxa2 37. Qxa6 Bc4 38. b3 Bxb3 39. Qxb5 Rb8 40.
Qe5+ Qf6 41. f4 Rgc8 42. Rc1 Bc4 43. Qxf6+ Kxf6 44. Kf2 Rb2+ 45. Rc2 Rcb8 46.
Rxb2 Rxb2+ 47. Ke1 h4 48. Kd1 Rf2 49. Bf3 Kf5 50. Re5+ Kxf4 51. Re4+ Kg5 52.
Rg4+ Kh5 53. Rf4+ Kg5 54. Rg4+ Kh5 55. Rf4+ Kg5 56. Rxf7 h3 57. gxh3 Be2+ 58.
Bxe2 Rxf7 59. Kd2 Kf4 60. Bg4 Re7 61. Kd3 Re8 62. c4 Kg5 63. c5 Kf6 64. Kc4 Ke7
65. d5 exd5+ 66. Kxd5 Ra8 67. Ke5 Ra2 68. Kd5 Rd2+ 69. Ke5 Kd8 70. c6 Kc7 71.
Bd7 Rf2 72. Ke6 Rf3 73. Ke5 g5 74. Bg4 Re3+ 75. Kf6 Kxc6 76. Kxg5 Kd6 77. h4
Rg3 78. h5 Ke7 79. h6 Kf8 80. Kf4 Rg1 81. Be6 Rg6 82. h7 Kg7 83. Bf5 Rg1 84.
Ke5 Rh1 85. Be4 Rh2 86. Bf5 Rb2 87. Be4 Rb5+ 88. Kf4 Rh5 89. Kg4 Rh6 90. Kg5
Rh2 91. Bf5 Rg2+ 92. Kf4 Rg1 93. Be4 Rf1+ 94. Kg5 Rg1+ 95. Kf4 Rf1+ 96. Ke3
Re1+ 97. Kf4 Rf1+ 98. Kg5 Rf8 99. Bf5 Rb8 100. Bc2 Rb5+ 101. Bf5 Ra5 102. Kf4
Ra8 103. Kg5 Ra5 104. Kf4 Ra4+ 105. Ke5 Ra5+ 106. Kf4 Ra4+ 107. Kg5 Ra5 108.
Kf4 1/2-1/2

[Event "Liga Madrileña - DH 2017-2018"]
[Site "Madrid ESP"]
[Date "2018.03.10"]
[Round "13.35"]
[White "Cabañas Jimenez, Andres"]
[Black "Bento Iglesias, Pablo"]
[Result "0-1"]
[WhiteElo "2211"]
[BlackElo "1975"]
[PlyCount "54"]
[EventDate "2017.11.19"]
[EventType "team-tourn"]
[EventRounds "14"]
[EventCountry "ESP"]
[SourceTitle "Ajedrez en Madrid"]
[Source "lmi"]
[SourceDate "2017.11.19"]
[WhiteTeam "64 Villalba"]
[BlackTeam "Blanco y Negro"]
[WhiteTeamCountry "ESP"]
[BlackTeamCountry "ESP"]

1. e4 e6 2. Nc3 b6 3. d3 Bb7 4. f4 Bb4 5. Bd2 Nf6 6. Qe2 O-O 7. O-O-O d5 8. Nf3
dxe4 9. dxe4 Qe7 10. Ng5 h6 11. h4 Nbd7 12. e5 Nd5 13. Qd3 g6 14. Nce4 Bxd2+
15. Qxd2 hxg5 16. hxg5 Kg7 17. c4 Rh8 18. Rxh8 Rxh8 19. cxd5 Bxd5 20. Nf6 c6
21. Kb1 Nc5 22. Qe3 Na4 23. Qd4 Nc5 24. b3 a5 25. Rc1 Bxb3 26. Rxc5 Qxc5 27.
Qxc5 bxc5 0-1

[Event "Liga Madrileña - DH 2017-2018"]
[Site "Madrid ESP"]
[Date "2018.03.10"]
[Round "13.36"]
[White "Ortega Palacios, Alejandro"]
[Black "Veganzonez Rojo, David"]
[Result "0-1"]
[WhiteElo "1686"]
[BlackElo "2128"]
[PlyCount "62"]
[EventDate "2017.11.19"]
[EventType "team-tourn"]
[EventRounds "14"]
[EventCountry "ESP"]
[SourceTitle "Ajedrez en Madrid"]
[Source "lmi"]
[SourceDate "2017.11.19"]
[WhiteTeam "Blanco y Negro"]
[BlackTeam "64 Villalba"]
[WhiteTeamCountry "ESP"]
[BlackTeamCountry "ESP"]

1. e4 c6 2. d4 d5 3. exd5 cxd5 4. Bd3 Nc6 5. c3 Qc7 6. Nf3 Bg4 7. Bg5 e6 8.
Nbd2 Bd6 9. Qc2 h6 10. Bh4 Nge7 11. Bxe7 Nxe7 12. O-O O-O 13. h3 Bf5 14. Bxf5
Nxf5 15. Rfe1 Be7 16. Qd3 Nd6 17. Ne5 b5 18. Rac1 Rab8 19. b3 Rfc8 20. Rc2 Qd8
21. Qf3 Bf6 22. Qe2 b4 23. Rec1 Nb5 24. Qd3 Bxe5 25. dxe5 Nxc3 26. a4 a5 27.
Nf3 Ne4 28. Nd4 Rxc2 29. Rxc2 Qb6 30. Rc6 Qb7 31. Ra6 Nc5 0-1

[Event "Liga Madrileña - DH 2017-2018"]
[Site "Madrid ESP"]
[Date "2018.03.11"]
[Round "13.41"]
[White "Lianes Garcia, Marcos"]
[Black "Vazquez Igarza, Renier"]
[Result "1/2-1/2"]
[WhiteElo "2349"]
[BlackElo "2559"]
[PlyCount "32"]
[EventDate "2017.11.19"]
[EventType "team-tourn"]
[EventRounds "14"]
[EventCountry "ESP"]
[SourceTitle "Ajedrez en Madrid"]
[Source "lmi"]
[SourceDate "2017.11.19"]
[WhiteTeam "Villaverde"]
[BlackTeam "Collado Villalba"]
[WhiteTeamCountry "ESP"]
[BlackTeamCountry "ESP"]

1. e4 c5 2. Nf3 d6 3. Bb5+ Bd7 4. Bxd7+ Qxd7 5. O-O Nf6 6. Re1 Nc6 7. c3 e6 8.
d4 cxd4 9. cxd4 d5 10. e5 Ne4 11. Nbd2 Nxd2 12. Bxd2 Be7 13. Bg5 Bb4 14. Bd2
Be7 15. Bg5 Bb4 16. Bd2 Be7 1/2-1/2

[Event "Liga Madrileña - DH 2017-2018"]
[Site "Madrid ESP"]
[Date "2018.03.11"]
[Round "13.42"]
[White "Gascon del Nogal, Jose Rafael"]
[Black "Diezma Aganzo, Jose Luis"]
[Result "1-0"]
[WhiteElo "2496"]
[BlackElo "2242"]
[PlyCount "60"]
[EventDate "2017.11.19"]
[EventType "team-tourn"]
[EventRounds "14"]
[EventCountry "ESP"]
[SourceTitle "Ajedrez en Madrid"]
[Source "lmi"]
[SourceDate "2017.11.19"]
[WhiteTeam "Collado Villalba"]
[BlackTeam "Villaverde"]
[WhiteTeamCountry "ESP"]
[BlackTeamCountry "ESP"]

1. e4 e5 2. Nf3 Nc6 3. Bc4 Nf6 4. d3 Be7 5. O-O O-O 6. Re1 d6 7. a4 Na5 8. Ba2
c5 9. Na3 Nc6 10. c3 a6 11. Bd2 Rb8 12. Nc4 b5 13. axb5 axb5 14. Ne3 b4 15. h3
Bd7 16. Nh2 bxc3 17. bxc3 Be6 18. Bd5 Qc8 19. Nhg4 Nxg4 20. hxg4 Re8 21. Qa4
Bd7 22. Qc4 Nd8 23. Nf5 Rb2 24. Ra8 Rb8 25. Rea1 Bf8 26. R1a7 Rxa8 27. Rxa8 Qc7
28. Qa6 Ne6 29. Ra7 Bc8 30. Qa4 Qd8 1-0

[Event "Liga Madrileña - DH 2017-2018"]
[Site "Madrid ESP"]
[Date "2018.03.11"]
[Round "13.43"]
[White "Quispe Arteaga, Gabriel"]
[Black "Moreno Ruiz, Javier"]
[Result "1/2-1/2"]
[WhiteElo "2285"]
[BlackElo "2450"]
[PlyCount "51"]
[EventDate "2017.11.19"]
[EventType "team-tourn"]
[EventRounds "14"]
[EventCountry "ESP"]
[SourceTitle "Ajedrez en Madrid"]
[Source "lmi"]
[SourceDate "2017.11.19"]
[WhiteTeam "Villaverde"]
[BlackTeam "Collado Villalba"]
[WhiteTeamCountry "ESP"]
[BlackTeamCountry "ESP"]

1. Nf3 Nf6 2. g3 d5 3. d4 e6 4. Bg2 b5 5. O-O Bb7 6. Nbd2 c5 7. dxc5 Bxc5 8.
Nb3 Be7 9. Qd3 a6 10. Bd2 Nc6 11. Nbd4 O-O 12. Nxc6 Bxc6 13. Ne5 Bb7 14. Nf3
Ne4 15. Be3 Rc8 16. c3 Qd7 17. Rad1 Rfd8 18. Bb6 Nc5 19. Qe3 Re8 20. Ne5 Qd6
21. Ba5 Qb8 22. Nd3 Nxd3 23. Rxd3 Bc5 24. Qc1 Ba8 25. Qd1 Bb6 26. Bxb6 1/2-1/2

[Event "Liga Madrileña - DH 2017-2018"]
[Site "Madrid ESP"]
[Date "2018.03.11"]
[Round "13.44"]
[White "Rodriguez Cespedes, Amador"]
[Black "Iagar, Razvan Gabriel"]
[Result "1/2-1/2"]
[WhiteElo "2403"]
[BlackElo "2197"]
[PlyCount "43"]
[EventDate "2017.11.19"]
[EventType "team-tourn"]
[EventRounds "14"]
[EventCountry "ESP"]
[SourceTitle "Ajedrez en Madrid"]
[Source "lmi"]
[SourceDate "2017.11.19"]
[WhiteTeam "Collado Villalba"]
[BlackTeam "Villaverde"]
[WhiteTeamCountry "ESP"]
[BlackTeamCountry "ESP"]

1. Nf3 d5 2. g3 Nf6 3. Bg2 Bf5 4. O-O h6 5. c4 c6 6. b3 e6 7. Bb2 Nbd7 8. d4
Be7 9. Nbd2 O-O 10. Ne5 Nxe5 11. dxe5 Nd7 12. cxd5 exd5 13. e4 dxe4 14. Nxe4 f6
15. Nd6 Bxd6 16. exd6 Re8 17. Re1 Rxe1+ 18. Qxe1 Nc5 19. Qd2 Qd7 20. Ba3 Nd3
21. Rd1 Ne5 22. Qc3 1/2-1/2

[Event "Liga Madrileña - DH 2017-2018"]
[Site "Madrid ESP"]
[Date "2018.03.11"]
[Round "13.45"]
[White "Garcia Dorado, Alberto"]
[Black "Martin Duque, Jesus"]
[Result "0-1"]
[WhiteElo "2158"]
[BlackElo "2345"]
[PlyCount "88"]
[EventDate "2017.11.19"]
[EventType "team-tourn"]
[EventRounds "14"]
[EventCountry "ESP"]
[SourceTitle "Ajedrez en Madrid"]
[Source "lmi"]
[SourceDate "2017.11.19"]
[WhiteTeam "Villaverde"]
[BlackTeam "Collado Villalba"]
[WhiteTeamCountry "ESP"]
[BlackTeamCountry "ESP"]

1. d4 Nf6 2. Nf3 e6 3. g3 d5 4. Bg2 b5 5. O-O Bb7 6. Bg5 Be7 7. Nbd2 Nbd7 8. c3
h6 9. Bxf6 Bxf6 10. Re1 O-O 11. e4 c5 12. exd5 Bxd5 13. Ne4 Be7 14. Nxc5 Nxc5
15. dxc5 Bxc5 16. Ne5 Qb6 17. Qe2 Rad8 18. b4 Be7 19. a4 bxa4 20. Rxa4 Bxg2 21.
Kxg2 Rd5 22. Rea1 Bf6 23. Nc4 Qb8 24. Ne3 Rd7 25. Rc1 Rfd8 26. Rc2 Rd3 27. c4
Bg5 28. Nf1 Rb3 29. h4 Bf6 30. b5 Qb7+ 31. f3 Bd4 32. Rd2 e5 33. Qd1 Rc3 34.
Rd3 Rxd3 35. Qxd3 Bb6 36. Qe2 Qc7 37. Ra2 Qc5 38. Rc2 h5 39. Kh3 Rd4 40. Nd2
Qb4 41. Ne4 Qb1 42. c5 Qh1+ 43. Qh2 Qxf3 44. Nf2 Bd8 0-1

[Event "Liga Madrileña - DH 2017-2018"]
[Site "Madrid ESP"]
[Date "2018.03.11"]
[Round "13.46"]
[White "Ortega Ruiz, Jose Miguel"]
[Black "Lopez Andujar Ocaña, Antonio"]
[Result "1/2-1/2"]
[WhiteElo "2303"]
[BlackElo "2069"]
[PlyCount "114"]
[EventDate "2017.11.19"]
[EventType "team-tourn"]
[EventRounds "14"]
[EventCountry "ESP"]
[SourceTitle "Ajedrez en Madrid"]
[Source "lmi"]
[SourceDate "2017.11.19"]
[WhiteTeam "Collado Villalba"]
[BlackTeam "Villaverde"]
[WhiteTeamCountry "ESP"]
[BlackTeamCountry "ESP"]

1. d4 d5 2. c4 e6 3. Nf3 Nf6 4. e3 Be7 5. Nc3 O-O 6. Bd3 Nbd7 7. O-O a6 8. e4
dxc4 9. Bxc4 b5 10. Bd3 Bb7 11. e5 Nd5 12. Ne4 c5 13. dxc5 Nb4 14. Bb1 Nxc5 15.
Nd6 Bxd6 16. exd6 Qf6 17. Ng5 g6 18. Nxh7 Kxh7 19. Qh5+ Kg8 20. Qxc5 Nd5 21.
Be4 Rfc8 22. Qa3 Rc4 23. Bf3 Rd8 24. Bd2 b4 25. Qb3 Rd4 26. Rad1 Rh4 27. g3 Rh3
28. Bg2 Rh5 29. Bxb4 Qh8 30. Bc3 Nxc3 31. Qxc3 Qxc3 32. bxc3 Bxg2 33. Kxg2 Rd5
34. Rxd5 exd5 35. Rd1 Rxd6 36. c4 d4 37. Kf3 f5 38. Kf4 Kf7 39. Ke5 Re6+ 40.
Kd5 Re2 41. c5 Ke7 42. c6 Rxa2 43. Re1+ Kd8 44. Kd6 Rc2 45. Rd1 Rc4 46. h4 a5
47. f3 a4 48. g4 fxg4 49. fxg4 d3 50. h5 gxh5 51. gxh5 Rh4 52. Rg1 Rd4+ 53. Kc5
Rh4 54. h6 d2 55. Rd1 Rxh6 56. Rxd2+ Kc8 57. Kb6 Rh1 1/2-1/2

[Event "Liga Madrileña - DH 2017-2018"]
[Site "Madrid ESP"]
[Date "2018.03.18"]
[Round "14.11"]
[White "Lianes Garcia, Marcos"]
[Black "Pulvett Marin, Daniel"]
[Result "1/2-1/2"]
[WhiteElo "2349"]
[BlackElo "2459"]
[PlyCount "178"]
[EventDate "2017.11.19"]
[EventType "team-tourn"]
[EventRounds "14"]
[EventCountry "ESP"]
[SourceTitle "Ajedrez en Madrid"]
[Source "lmi"]
[SourceDate "2017.11.19"]
[WhiteTeam "Alcorcon"]
[BlackTeam "Villaverde"]
[WhiteTeamCountry "ESP"]
[BlackTeamCountry "ESP"]

1. d4 Nf6 2. c4 c5 3. d5 b5 4. Nd2 bxc4 5. e4 e6 6. dxe6 dxe6 7. Bxc4 Be7 8.
Ngf3 O-O 9. O-O Nc6 10. Qe2 e5 11. h3 Bb7 12. Nb3 Nd4 13. Nbxd4 exd4 14. e5 Nd5
15. Bd2 Qd7 16. Rfe1 Nc7 17. Ng5 Bxg5 18. Bxg5 Rae8 19. Rac1 Bd5 20. Bd2 Re6
21. Bd3 Qe7 22. Qh5 g6 23. Qg5 Qxg5 24. Bxg5 Rc6 25. Be7 Rb8 26. b3 Ne6 27. Bd6
Rbc8 28. Bb5 Rb6 29. Bd7 Rd8 30. Bxe6 Bxe6 31. Rxc5 Ra6 32. Re2 h5 33. Rd2 Kh7
34. Be7 Rc8 35. Bf6 d3 36. f3 g5 37. Bxg5 Rg8 38. h4 Rc8 39. Rxc8 Bxc8 40. Rxd3
Rxa2 41. b4 Be6 42. Bf6 Rc2 43. Kh2 Rc4 44. Ra3 Rxb4 45. Rxa7 Rb8 46. Rc7 Kg6
47. Ra7 Rc8 48. Kg3 Rb8 49. Ra4 Rc8 50. Rb4 Kf5 51. Rf4+ Kg6 52. Bg5 Bf5 53.
Rd4 Be6 54. Bf6 Kf5 55. Rd2 Ra8 56. Rb2 Rc8 57. Kf2 Ra8 58. Rb4 Rg8 59. g3 Rc8
60. Rf4+ Kg6 61. Bg5 Rc2+ 62. Ke3 Kg7 63. g4 hxg4 64. fxg4 Rc3+ 65. Kf2 Rc2+
66. Kf1 Rc1+ 67. Ke2 Rc4 68. Bf6+ Kh7 69. Rxc4 Bxc4+ 70. Kf3 Kg6 71. Kf4 Be6
72. Be7 Kh6 73. Bf8+ Kg6 74. h5+ Kh7 75. Kg5 Kg8 76. Bb4 Bd7 77. Ba3 Bc8 78.
Bc5 Bd7 79. Kf4 Kh7 80. Be7 Bc8 81. Kg5 Kg8 82. Bf6 Bd7 83. h6 Bc8 84. Bg7 Bd7
85. Kf4 Kh7 86. g5 Be6 87. Bf6 Bb3 88. Ke3 Bc2 89. Kd4 Bg6 1/2-1/2

[Event "Liga Madrileña - DH 2017-2018"]
[Site "Madrid ESP"]
[Date "2018.03.18"]
[Round "14.12"]
[White "Diezma Aganzo, Jose Luis"]
[Black "Vallejo Diaz, Jesus"]
[Result "1/2-1/2"]
[WhiteElo "2242"]
[BlackElo "2232"]
[PlyCount "29"]
[EventDate "2017.11.19"]
[EventType "team-tourn"]
[EventRounds "14"]
[EventCountry "ESP"]
[SourceTitle "Ajedrez en Madrid"]
[Source "lmi"]
[SourceDate "2017.11.19"]
[WhiteTeam "Villaverde"]
[BlackTeam "Alcorcon"]
[WhiteTeamCountry "ESP"]
[BlackTeamCountry "ESP"]

1. e4 c5 2. c3 Nf6 3. e5 Nd5 4. d4 cxd4 5. Nf3 Nc6 6. cxd4 e6 7. Bc4 Nb6 8. Bb3
d6 9. Bg5 Be7 10. Bxe7 Qxe7 11. O-O a6 12. Nc3 d5 13. Bc2 Bd7 14. Rc1 Nc4 15.
b3 1/2-1/2

[Event "Liga Madrileña - DH 2017-2018"]
[Site "Madrid ESP"]
[Date "2018.03.18"]
[Round "14.13"]
[White "Aguilera Lopez, Alejandro"]
[Black "Quispe Arteaga, Gabriel"]
[Result "1/2-1/2"]
[WhiteElo "2106"]
[BlackElo "2285"]
[PlyCount "98"]
[EventDate "2017.11.19"]
[EventType "team-tourn"]
[EventRounds "14"]
[EventCountry "ESP"]
[SourceTitle "Ajedrez en Madrid"]
[Source "lmi"]
[SourceDate "2017.11.19"]
[WhiteTeam "Alcorcon"]
[BlackTeam "Villaverde"]
[WhiteTeamCountry "ESP"]
[BlackTeamCountry "ESP"]

1. d4 Nf6 2. Nf3 e6 3. e3 b6 4. Bd3 Bb7 5. Nbd2 d5 6. b3 Bd6 7. Bb2 O-O 8. O-O
c5 9. c4 Nc6 10. Rc1 cxd4 11. exd4 Rc8 12. Ne5 dxc4 13. Ndxc4 Bb8 14. Bb1 Ne7
15. Ng4 Ned5 16. Qf3 Nxg4 17. Qxg4 f5 18. Qf3 Qg5 19. Ne5 Bxe5 20. dxe5 Rb8 21.
Qg3 Qh6 22. f4 Rbc8 23. Bd3 Rxc1 24. Bxc1 Rd8 25. Bc4 Qg6 26. Qxg6 hxg6 27. Rd1
Kf7 28. a4 Rc8 29. g3 Rc7 30. Ba3 g5 31. fxg5 Ne3 32. Rc1 Bd5 33. Bxd5 Rxc1+
34. Bxc1 Nxd5 35. Bd2 Kg6 36. Kf2 Kh5 37. Kf3 Ne7 38. h4 Nc6 39. Bc3 a6 40. Kf4
b5 41. axb5 axb5 42. Bd2 Ne7 43. Ke3 Nc6 44. Kf4 Nd4 45. b4 Nc6 46. Be1 Ne7 47.
Ke3 Nc6 48. Kf4 Nb8 49. Bf2 Nc6 1/2-1/2

[Event "Liga Madrileña - DH 2017-2018"]
[Site "Madrid ESP"]
[Date "2018.03.18"]
[Round "14.14"]
[White "Lopez Andujar Ocaña, Antonio"]
[Black "Prieto Martin, Alfonso"]
[Result "0-1"]
[WhiteElo "2069"]
[BlackElo "2204"]
[PlyCount "54"]
[EventDate "2017.11.19"]
[EventType "team-tourn"]
[EventRounds "14"]
[EventCountry "ESP"]
[SourceTitle "Ajedrez en Madrid"]
[Source "lmi"]
[SourceDate "2017.11.19"]
[WhiteTeam "Villaverde"]
[BlackTeam "Alcorcon"]
[WhiteTeamCountry "ESP"]
[BlackTeamCountry "ESP"]

1. c4 e6 2. Nc3 d5 3. d4 Bb4 4. Nf3 Nf6 5. e3 c5 6. Bd2 O-O 7. Bd3 b6 8. cxd5
exd5 9. O-O Nbd7 10. Qc2 Re8 11. Nb5 Bxd2 12. Nxd2 g6 13. e4 c4 14. Be2 Ba6 15.
Nd6 Re6 16. e5 Nxe5 17. dxe5 Rxe5 18. Nxf7 Kxf7 19. Nf3 Re7 20. Rad1 Qd6 21.
Nd4 Rae8 22. g3 Qc5 23. Kg2 Re4 24. Qc3 Rxe2 25. Nxe2 Rxe2 26. Rd4 Bb7 27. Rfd1
Rxf2+ 0-1

[Event "Liga Madrileña - DH 2017-2018"]
[Site "Madrid ESP"]
[Date "2018.03.18"]
[Round "14.15"]
[White "Angelina Vela, Carlos"]
[Black "Vazquez Gonzalez, Francisco"]
[Result "1-0"]
[WhiteElo "2105"]
[BlackElo "1942"]
[PlyCount "57"]
[EventDate "2017.11.19"]
[EventType "team-tourn"]
[EventRounds "14"]
[EventCountry "ESP"]
[SourceTitle "Ajedrez en Madrid"]
[Source "lmi"]
[SourceDate "2017.11.19"]
[WhiteTeam "Alcorcon"]
[BlackTeam "Villaverde"]
[WhiteTeamCountry "ESP"]
[BlackTeamCountry "ESP"]

1. d4 f5 2. g3 Nf6 3. Bg2 d6 4. Nh3 g6 5. c4 Bg7 6. Nc3 O-O 7. d5 Nbd7 8. O-O
Ne5 9. b3 Nh5 10. Qc2 c5 11. dxc6 Nxc6 12. e3 f4 13. Nxf4 Nxf4 14. gxf4 e5 15.
fxe5 Nxe5 16. f4 Ng4 17. Bd2 Bf5 18. Qc1 Bd3 19. Rf3 Nf6 20. Qe1 Ne4 21. Rc1
Re8 22. Nxe4 Bxe4 23. Rg3 Bb2 24. Bxe4 Bxc1 25. Bd5+ Kf8 26. Qxc1 Qf6 27. Bc3
Qe7 28. e4 Rac8 29. f5 1-0

[Event "Liga Madrileña - DH 2017-2018"]
[Site "Madrid ESP"]
[Date "2018.03.18"]
[Round "14.16"]
[White "Vazquez Gonzalez, Jesus"]
[Black "Prada Lopez, Miguel Angel"]
[Result "1/2-1/2"]
[WhiteElo "2004"]
[BlackElo "2091"]
[PlyCount "32"]
[EventDate "2017.11.19"]
[EventType "team-tourn"]
[EventRounds "14"]
[EventCountry "ESP"]
[SourceTitle "Ajedrez en Madrid"]
[Source "lmi"]
[SourceDate "2017.11.19"]
[WhiteTeam "Villaverde"]
[BlackTeam "Alcorcon"]
[WhiteTeamCountry "ESP"]
[BlackTeamCountry "ESP"]

1. c4 c5 2. g3 Nc6 3. Bg2 g6 4. Nc3 Bg7 5. e4 d6 6. Nge2 e6 7. O-O Nge7 8. d3
O-O 9. a3 a6 10. Rb1 Rb8 11. b4 cxb4 12. axb4 b5 13. cxb5 axb5 14. d4 d5 15.
exd5 Nxd5 16. Nxd5 exd5 1/2-1/2

[Event "Liga Madrileña - DH 2017-2018"]
[Site "Madrid ESP"]
[Date "2018.03.18"]
[Round "14.21"]
[White "Vazquez Igarza, Renier"]
[Black "Garrido Dominguez, Jesus"]
[Result "1/2-1/2"]
[WhiteElo "2559"]
[BlackElo "2399"]
[PlyCount "128"]
[EventDate "2017.11.19"]
[EventType "team-tourn"]
[EventRounds "14"]
[EventCountry "ESP"]
[SourceTitle "Ajedrez en Madrid"]
[Source "lmi"]
[SourceDate "2017.11.19"]
[WhiteTeam "Collado Villalba"]
[BlackTeam "64 Villalba"]
[WhiteTeamCountry "ESP"]
[BlackTeamCountry "ESP"]

1. d4 f5 2. g3 Nf6 3. Bg2 g6 4. Nf3 Bg7 5. O-O O-O 6. b4 d6 7. Bb2 c6 8. c4 a5
9. b5 a4 10. Na3 cxb5 11. Nxb5 d5 12. Ba3 Nc6 13. Rb1 Ne4 14. cxd5 Na7 15. d6
exd6 16. Qxa4 Be6 17. Bb2 Qe8 18. Ba1 Nxb5 19. Qxb5 Qxb5 20. Rxb5 Bc4 21. Rxb7
Rxa2 22. Bb2 Ba6 23. Rb6 Bxe2 24. Rc1 Ra7 25. h4 Bf6 26. Ne1 Bd8 27. Rb3 Rd7
28. Re3 Ba6 29. Bxe4 fxe4 30. Rxe4 Rdf7 31. f4 Bb7 32. Re6 Bxh4 33. gxh4 Rxf4
34. d5 Rf1+ 35. Kh2 R1f2+ 36. Kg3 Rxb2 37. Rxd6 Rb3+ 38. Kh2 Rf7 39. Ng2 Rd3
40. Rc5 Kg7 41. Rd8 Kh6 42. Rb5 Rd2 43. Kg3 Rd3+ 44. Kh2 Bc6 45. Rc5 Bd7 46.
Ra5 Rd2 47. Kg3 Rd3+ 48. Kh2 Rd2 49. Kg3 Bf5 50. Re8 Rd4 51. Ne3 Bd7 52. Re5
Kg7 53. Ra6 Bc8 54. Rc6 Bb7 55. Rce6 Bc8 56. Re7 Bd7 57. Re4 Rd3 58. Rxf7+ Kxf7
59. Kf4 Kf6 60. Rb4 Ke7 61. Re4+ Kf6 62. Rb4 Ke7 63. Re4+ Kf6 64. Rb4 Ke7
1/2-1/2

[Event "Liga Madrileña - DH 2017-2018"]
[Site "Madrid ESP"]
[Date "2018.03.18"]
[Round "14.22"]
[White "Ruperez Benito, Antonio"]
[Black "Martin Duque, Jesus"]
[Result "1/2-1/2"]
[WhiteElo "2339"]
[BlackElo "2345"]
[PlyCount "102"]
[EventDate "2017.11.19"]
[EventType "team-tourn"]
[EventRounds "14"]
[EventCountry "ESP"]
[SourceTitle "Ajedrez en Madrid"]
[Source "lmi"]
[SourceDate "2017.11.19"]
[WhiteTeam "64 Villalba"]
[BlackTeam "Collado Villalba"]
[WhiteTeamCountry "ESP"]
[BlackTeamCountry "ESP"]

1. e4 e5 2. Nf3 Nc6 3. Bc4 Bc5 4. c3 Nf6 5. d3 a6 6. O-O Ba7 7. Bb3 d6 8. h3
O-O 9. Re1 Be6 10. Bc2 d5 11. Nbd2 b5 12. Qe2 h6 13. d4 exd4 14. e5 dxc3 15.
exf6 cxd2 16. Bxd2 Qxf6 17. Bc3 d4 18. Qe4 g6 19. Qxc6 dxc3 20. bxc3 Kg7 21. a4
Bc4 22. Qxf6+ Kxf6 23. Ne5 Rad8 24. axb5 Bxb5 25. c4 Bd4 26. Ra3 Be8 27. Rxa6+
Kg7 28. Nf3 Bb6 29. Re7 Rd6 30. Ra1 Bd7 31. Re5 Rc6 32. Re7 Bc8 33. Ne5 Rf6 34.
Nd3 Bd4 35. Ra8 c5 36. Re2 Be6 37. Rxf8 Kxf8 38. Ne5 Kg7 39. Bd3 h5 40. Nf3
Rxf3 41. gxf3 Bxh3 42. Be4 Kf6 43. Bd5 Bd7 44. Ra2 Be6 45. Ra6 Ke5 46. Bxe6
fxe6 47. Rc6 Kf5 48. Kg2 g5 49. Rc8 Ke5 50. Kg3 Kf6 51. Kg2 Kg7 1/2-1/2

[Event "Liga Madrileña - DH 2017-2018"]
[Site "Madrid ESP"]
[Date "2018.03.18"]
[Round "14.23"]
[White "Pastor Alonso de Prado, Emilio Alberto"]
[Black "Vega Gomez, Francisco Borja"]
[Result "0-1"]
[WhiteElo "2203"]
[BlackElo "2265"]
[PlyCount "71"]
[EventDate "2017.11.19"]
[EventType "team-tourn"]
[EventRounds "14"]
[EventCountry "ESP"]
[SourceTitle "Ajedrez en Madrid"]
[Source "lmi"]
[SourceDate "2017.11.19"]
[WhiteTeam "Collado Villalba"]
[BlackTeam "64 Villalba"]
[WhiteTeamCountry "ESP"]
[BlackTeamCountry "ESP"]

1. e4 d6 2. d4 Nf6 3. Nc3 Nbd7 4. Nf3 e5 5. Bc4 Be7 6. O-O O-O 7. h3 c6 8. a4
h6 9. Qe2 exd4 10. Nxd4 Re8 11. Ba2 d5 12. exd5 Bb4 13. Qc4 Bxc3 14. Qxc3 cxd5
15. Be3 Nf8 16. Rfd1 Ne6 17. a5 Bd7 18. Qb4 Nxd4 19. Rxd4 Qc7 20. Qd2 Ne4 21.
Qd1 Nf6 22. Bb3 Bc6 23. Qf3 Re4 24. c3 Qe7 25. Bc2 Rxd4 26. Bxd4 Ne4 27. Qe3
Qh4 28. Bxa7 f5 29. a6 bxa6 30. Rxa6 Be8 31. f3 f4 32. Qd3 Qe1+ 33. Kh2 Rxa7
34. Qxd5+ Kf8 35. Qf5+ Nf6 36. Rxa7 0-1

[Event "Liga Madrileña - DH 2017-2018"]
[Site "Madrid ESP"]
[Date "2018.03.18"]
[Round "14.24"]
[White "Longa Yauca, Javier"]
[Black "Cao Armillas, Jesus"]
[Result "1/2-1/2"]
[WhiteElo "2217"]
[BlackElo "2069"]
[PlyCount "40"]
[EventDate "2017.11.19"]
[EventType "team-tourn"]
[EventRounds "14"]
[EventCountry "ESP"]
[SourceTitle "Ajedrez en Madrid"]
[Source "lmi"]
[SourceDate "2017.11.19"]
[WhiteTeam "64 Villalba"]
[BlackTeam "Collado Villalba"]
[WhiteTeamCountry "ESP"]
[BlackTeamCountry "ESP"]

1. d4 Nf6 2. Nf3 d5 3. c4 c6 4. Nc3 dxc4 5. a4 Bf5 6. e3 e6 7. Bxc4 Nbd7 8. O-O
Bb4 9. Bd2 O-O 10. Nh4 Bg4 11. f3 Bh5 12. g4 Bg6 13. Nxg6 hxg6 14. Qe2 e5 15.
Rad1 exd4 16. exd4 Nb6 17. Bg5 Nxc4 18. Qxc4 Bxc3 19. bxc3 Qd5 20. Qxd5 cxd5
1/2-1/2

[Event "Liga Madrileña - DH 2017-2018"]
[Site "Madrid ESP"]
[Date "2018.03.18"]
[Round "14.25"]
[White "Andrade Sandoval, Jim Carlos"]
[Black "Lopez del Alamo, Antonio"]
[Result "1/2-1/2"]
[WhiteElo "2020"]
[BlackElo "2247"]
[PlyCount "75"]
[EventDate "2017.11.19"]
[EventType "team-tourn"]
[EventRounds "14"]
[EventCountry "ESP"]
[SourceTitle "Ajedrez en Madrid"]
[Source "lmi"]
[SourceDate "2017.11.19"]
[WhiteTeam "Collado Villalba"]
[BlackTeam "64 Villalba"]
[WhiteTeamCountry "ESP"]
[BlackTeamCountry "ESP"]

1. d4 Nf6 2. Nf3 g6 3. Bf4 d6 4. e3 Nh5 5. Bg5 h6 6. Bh4 g5 7. Nfd2 Ng7 8. Bg3
Nf5 9. Bd3 Nxg3 10. hxg3 Bg7 11. Nc3 e6 12. Qf3 Nc6 13. a3 Bd7 14. Nde4 Qe7 15.
Nb5 Kd8 16. O-O-O g4 17. Qe2 f5 18. Nd2 a6 19. Nc3 d5 20. Nb3 a5 21. f3 Qg5 22.
Bb5 h5 23. Nc5 Bc8 24. Bxc6 bxc6 25. fxg4 hxg4 26. Rxh8+ Bxh8 27. Qf2 Bf6 28.
Qf4 Qg7 29. Ne2 Be7 30. Rh1 Bxc5 31. dxc5 e5 32. Qh6 Qxh6 33. Rxh6 a4 34. Rh8+
Ke7 35. Rh7+ Ke8 36. Rh8+ Ke7 37. Rh7+ Ke8 38. Rh8+ 1/2-1/2